Financování veřejných investic cestou leasingu

Problematika financovania verejných investícií formou leasingu v ČR. Hospodárska podstata leasingu postavená predovšetkým na daňovom zvýhodnení v odpisoch a súhlase štátu so zahrňovaním leasingových splátok do nákladov. Orgány štátnej správy tieto výhody nemajú. Úsilie leasingovej komunity získať zá...

ver descrição completa

Na minha lista:
Detalhes bibliográficos
Autor principal: Fridrich, F.
Formato: Capítulo de Livro
Idioma:tcheco
Assuntos:
Tags: Adicionar Tag
Sem tags, seja o primeiro a adicionar uma tag!

MARC

LEADER 00000naa a2200000 4500
001 r016716
005 20221208131122.6
041 0 |a cze 
044 |a CZ 
245 1 0 |a Financování veřejných investic cestou leasingu  |c F. Fridrich 
520 |a Problematika financovania verejných investícií formou leasingu v ČR. Hospodárska podstata leasingu postavená predovšetkým na daňovom zvýhodnení v odpisoch a súhlase štátu so zahrňovaním leasingových splátok do nákladov. Orgány štátnej správy tieto výhody nemajú. Úsilie leasingovej komunity získať zákazky pri financovaní investícií obcí. Prekážky, brániace širšiemu využitiu leasingu. Ponúkané možné riešenia pri financovaní obecných investícií formou leasingu. Argumenty svedčiace v prospech leasingu. 
610 2 0 |a lízing 
610 2 0 |a Česko 
610 2 0 |a financie verejné 
610 2 0 |a správa verejná 
610 2 0 |a obce 
610 2 0 |a financovanie investícií 
100 1 |a Fridrich, F.